书目信息 |
| 题名: |
货币革命
|
|
| 作者: | 艾森斯坦 著 ;彭哲 译 | |
| 分册: | ||
| 出版信息: | 北京 电子工业出版社 2013.8 |
|
| 页数: | 16,353页 | |
| 开本: | 24cm | |
| 丛书名: | ||
| 单 册: | ||
| 中图分类: | F820.2 | |
| 科图分类: | ||
| 主题词: | 货币制度--Huo Bi Zhi Du--研究 , 研究--Yan Jiu | |
| 电子资源: | ||
| ISBN: | 978-7-121-20727-3 | |
| 000 | 01192nam0 22002771 450 | |
| 001 | 350090 | |
| 005 | 20161009104953.82 | |
| 010 | @a978-7-121-20727-3@dCNY48.00 | |
| 100 | @a20130927d2013 em y0chiy50 ea | |
| 101 | 1 | @achi@ceng |
| 102 | @aCN@b110000 | |
| 105 | @ay z 000yy | |
| 106 | @ar | |
| 200 | 1 | @a货币革命@AHuo Bi Ge Ming@e后危机时代的经济博弈@dSacred economics@emoney,gift,and society in the age of transition@f(美)查尔斯·艾森斯坦(Charles Eisenstein)著@g彭哲译@zeng |
| 210 | @a北京@c电子工业出版社@d2013.8 | |
| 215 | @a16,353页@d24cm | |
| 330 | @a本书回顾了从古代礼赠经济到当代资本主义时期的货币史,融合了理论、政策和实践,探讨了新式经济学说的前卫理念,包括利率为负值的货币、地方货币、以资源为基础的经济、礼赠经济体,以及共有资源的恢复。 | |
| 510 | 1 | @aSacred economics@emoney,gift,and society in the age of transition@zeng |
| 517 | 1 | @a后危机时代的经济博弈@AHou Wei Ji Shi Dai De Jing Ji Bo Yi |
| 606 | 0 | @a货币制度@AHuo Bi Zhi Du@x研究 |
| 606 | 0 | @a研究@AYan Jiu |
| 690 | @aF820.2@v5 | |
| 701 | 0 | @c(美)@a艾森斯坦@AAi Sen Si Tan@c(Eisenstein,Charles)@4著 |
| 702 | 0 | @a彭哲@APeng Zhe@g(女)@4译 |
| 801 | 0 | @aCN@bTANGWEI@20160803 |
| 905 | @b0888275-9@dF820.2@e78@f5 | |
| 货币革命:后危机时代的经济博弈=Sacred economics:money,gift,and society in the age of transition/(美)查尔斯·艾森斯坦(Charles Eisenstein)著/彭哲译.-北京:电子工业出版社,2013.8 |
| 16,353页;24cm |
| ISBN 978-7-121-20727-3:CNY48.00 |
| 本书回顾了从古代礼赠经济到当代资本主义时期的货币史,融合了理论、政策和实践,探讨了新式经济学说的前卫理念,包括利率为负值的货币、地方货币、以资源为基础的经济、礼赠经济体,以及共有资源的恢复。 |
| ● |
| 相关链接 |
|
|
|
|
正题名:货币革命
索取号:F820.2/78
 
预约/预借
| 序号 | 登录号 | 条形码 | 馆藏地/架位号 | 状态 | 备注 |
| 1 | 0888275 | 208882752 | 第一样本阅览室/ [索取号:F820.2/78] | 在馆 | |
| 2 | 0888276 | 208882761 | 密集书库-海洋学院/ [索取号:F820.2/78] | 在馆 | |
| 3 | 0888277 | 208882770 | 第一借阅区/ [索取号:F820.2/78] | 在馆 | |
| 4 | 0888278 | 208882789 | 第一借阅区/ [索取号:F820.2/78] | 在馆 | |
| 5 | 0888279 | 208882798 | 第一借阅区/ [索取号:F820.2/78] | 在馆 |